| 000 | 00942nam a22002055i 4500 | ||
|---|---|---|---|
| 001 | 168255 | ||
| 003 | ES-MaACL | ||
| 005 | 20250824074928.0 | ||
| 008 | 990429s1865 sp |||| | spa d | ||
| 040 |
_aCAM _bspa _cCAM |
||
| 100 | 1 |
_aZumel, Enrique. _9118492 |
|
| 245 | 1 | 3 |
_aLa hija de Almogávar _b: drama en tres actos y en verso / _coriginal de Enrique Zumel. |
| 260 |
_aMadrid : _b[s.n.], _c1865 ( _fImprenta de José Rodríguez) |
||
| 300 |
_a72 p. ; _c20 cm. |
||
| 490 | 1 | _aEl teatro : colección de obras dramáticas y líricas | |
| 500 | _aEn port.: Representado por primera vez en el Teatro de Variedades en octubre de 1865. | ||
| 830 | 0 | 3 |
_aEl teatro: colección de obras dramática y líricas _9221753 |
| 852 |
_aES-MaACL _jF-8573(3) _z-- Enc. pasta española, falto de la enc. original _z-- Enc. en un vol. facticio formando parte de la col. facticia "Teatro español moderno", vol. 26 |
||
| 999 |
_c168255 _d168255 |
||